The noble scholar, jurist, historian


 His Excellency Dr. Abdul Wahhab bin Ibrahim Abu Sulaiman, may Allah have mercy on him.


 He was born in Umm Al-Qura in the year 1356 AH.

الدراسات العربية والإسلامية في الجامعات الألمانية : (Record no. 13742)

MARC details
000 -LEADER
fixed length control field 01403cam a22003131i 4500
003 - CONTROL NUMBER IDENTIFIER
control field SA-RiAUC
005 - DATE AND TIME OF LATEST TRANSACTION
control field 20251228081802.0
008 - FIXED-LENGTH DATA ELEMENTS--GENERAL INFORMATION
fixed length control field 251121s1967 ua g 000 0dara c
040 ## - CATALOGING SOURCE
Original cataloging agency SA-JeALM
Language of cataloging ara
Transcribing agency SA-RiAUC
Description conventions rda
041 1# - LANGUAGE CODE
Language code of text/sound track or separate title ara
Language code of original und
043 ## - GEOGRAPHIC AREA CODE
Geographic area code e-gx---
082 04 - DEWEY DECIMAL CLASSIFICATION NUMBER
Classification number 216
Assigning agency SA-RiAUC
090 ## - LOCALLY ASSIGNED LC-TYPE CALL NUMBER (OCLC); LOCAL CALL NUMBER (RLIN)
Classification number (OCLC) (R) ; Classification number, CALL (RLIN) (NR) 216
Local cutter number (OCLC) ; Book number/undivided call number, CALL (RLIN) ب ا ر
100 1# - MAIN ENTRY--PERSONAL NAME
Personal name بارت، رودي،
Dates associated with a name 1901-1983
Relator term مؤلف.
245 12 - TITLE STATEMENT
Title الدراسات العربية والإسلامية في الجامعات الألمانية :
Remainder of title المستشرقون الألمان منذ تيودور نولدكه /
Statement of responsibility, etc. تأليف رودي بارت ؛ ترجمة مصطفى ماهر.
264 #1 - PRODUCTION, PUBLICATION, DISTRIBUTION, MANUFACTURE, AND COPYRIGHT NOTICE
Place of production, publication, distribution, manufacture القاهرة :
Name of producer, publisher, distributor, manufacturer دار الكتاب العربي،
Date of production, publication, distribution, manufacture, or copyright notice 1967
300 ## - PHYSICAL DESCRIPTION
Extent 116 صفحة ؛
Dimensions 24 سم
336 ## - CONTENT TYPE
Content type term نص
Content type code txt
Source rdacontent
Materials specified كتاب
337 ## - MEDIA TYPE
Media type term بدون وسيط
Media type code n
Source rdamedia
338 ## - CARRIER TYPE
Carrier type term مجلد
Carrier type code nc
Source rdacarrier
500 ## - GENERAL NOTE
General note توجد ملاحظات من الشيخ في داخل الكتاب.
600 17 - SUBJECT ADDED ENTRY--PERSONAL NAME
Personal name نولدكه، تيودور،
Dates associated with a name 1836-1930
Source of heading or term aucnm
650 #7 - SUBJECT ADDED ENTRY--TOPICAL TERM
Topical term or geographic name entry element الاستشراق والمستشرقون
Geographic subdivision ألمانيا
Source of heading or term aucsh
650 #7 - SUBJECT ADDED ENTRY--TOPICAL TERM
Topical term or geographic name entry element التاريخ الإسلامي
General subdivision دراسة وتعليم
Source of heading or term aucsh
650 #7 - SUBJECT ADDED ENTRY--TOPICAL TERM
Topical term or geographic name entry element الجامعات والكليات
Geographic subdivision ألمانيا
Source of heading or term aucsh
700 1# - ADDED ENTRY--PERSONAL NAME
Personal name ماهر، مصطفى،
Dates associated with a name 1936-2021
Relator term مترجم.
942 ## - ADDED ENTRY ELEMENTS (KOHA)
Source of classification or shelving scheme Dewey Decimal Classification
Koha item type Books
Suppress in OPAC No
949 ## - LOCAL PROCESSING INFORMATION (OCLC)
a SA-JeALM
d 251121
u mohamedma123
n 1
Holdings
Withdrawn status Lost status Source of classification or shelving scheme Damaged status Not for loan Collection Home library Current library Date acquired Total checkouts Full call number Barcode Date last seen Price effective from Koha item type
    Dewey Decimal Classification     ملاحظات DR AbdElwahab Library DR AbdElwahab Library 12/28/2025   216 ب ا ر 000022024 12/28/2025 12/28/2025 Books